[Event "POL-chT Otwarta Lubelska"]
[Site "Wojewodztwo Lubelskie"]
[Date "2013.03.10"]
[Round "14.18"]
[White "Fraczek, Weronika"]
[Black "Gorzkiewicz, Marta"]
[Result "1-0"]
[WhiteElo "1435"]
[BlackElo "1791"]
[PlyCount "103"]
[EventDate "2013.01.06"]
[EventType "team-tourn"]
[EventRounds "14"]
[EventCountry "POL"]
[SourceTitle "EXT 2020"]
[Source "ChessBase"]
[SourceDate "2019.10.17"]
[SourceVersion "1"]
[SourceVersionDate "2019.10.17"]
[SourceQuality "1"]
[WhiteTeam "Lublin AZS UMCS"]
[BlackTeam "Lubelski LUKS Tomasovia Tomaszow"]
[WhiteTeamCountry "POL"]
[BlackTeamCountry "POL"]

1. e4 e5 2. Nf3 Nc6 3. Bb5 Nge7 4. 0-0 g6 5. c3 Bg7 6. d4 exd4 7. cxd4 0-0 8. Nc3 a6 9. Ba4 b5 10. Bb3 h6 11. a4 b4 12. Nd5 a5 13. Be3 Kh7 14. Rc1 f5 15. e5 Ba6 16. Nxe7 Nxe7 17. Re1 Rc8 18. g3 Bb7 19. Nd2 Nd5 20. f4 Nxe3 21. Rxe3 Ba6 22. Bc4 Ra8 23. Bxa6 Rxa6 24. Qe2 Ra7 25. Nb3 d6 26. Rd3 g5 27. Nd2 gxf4 28. gxf4 Qh4 29. Qf2 Qxf2+ 30. Kxf2 Re8 31. Nc4 dxe5 32. dxe5 Re7 33. Ne3 Rf7 34. Rd5 Ra6 35. Rdc5 Ra7 36. b3 Bf8 37. Rc6 Kg7 38. Nd5 Rd7 39. Rg1+ Kh8 40. Rg8+ Kxg8 41. Nf6+ Kf7 42. Nxd7 Bg7 43. Nc5 Ke7 44. Ke3 h5 45. Rg6 Bf8 46. Rf6 Ke8 47. Kd4 Be7 48. Rxf5 h4 49. Rh5 Kf7 50. f5 Ra8 51. Rh7+ Ke8 52. Rh8+ 1-0

[Event "POL-ch Teachers"]
[Site "Krakow"]
[Date "2012.??.??"]
[Round "5"]
[White "Labus, Zbigniew"]
[Black "Gorzkiewicz, Marta"]
[Result "1-0"]
[WhiteElo "1964"]
[BlackElo "1809"]
[PlyCount "77"]
[EventDate "2012.??.??"]
[EventType "swiss"]
[EventRounds "9"]
[EventCountry "POL"]
[SourceTitle "EXT 2014"]
[Source "ChessBase"]
[SourceDate "2013.11.20"]
[SourceVersion "1"]
[SourceVersionDate "2013.11.20"]
[SourceQuality "1"]

1. Nf3 Nc6 2. c4 e5 3. Nc3 Nge7 4. g3 g6 5. Bg2 Bg7 6. Rb1 0-0 7. d3 d6 8. e4 f5 9. h3 h6 10. 0-0 Be6 11. Nd5 Qd7 12. Kh2 Rf7 13. b4 Raf8 14. b5 Nd8 15. Nh4 Kh7 16. Nxe7 Qxe7 17. exf5 Bxf5 18. Be3 e4 19. Nxf5 gxf5 20. dxe4 fxe4 21. Qc2 Re8 22. Rbe1 c6 23. Bc5 Qf6 24. Bxe4+ Kh8 25. Be3 Rfe7 26. Bg6 Nf7 27. Rd1 c5 28. Kg1 Rf8 29. Bf4 Ne5 30. Be4 b6 31. Rd5 h5 32. Rfd1 Rd8 33. h4 Bh6 34. Bxh6 Qxh6 35. Qe2 Ng4 36. Qb2+ Qf6 37. Rxh5+ Kg8 38. Bd5+ Kg7 39. Qc2 1-0